<?xml version="1.0" encoding="UTF-8"?><?xml-stylesheet type="text/xsl" href="static/style.xsl"?><OAI-PMH xmlns="http://www.openarchives.org/OAI/2.0/" xmlns:xsi="http://www.w3.org/2001/XMLSchema-instance" xsi:schemaLocation="http://www.openarchives.org/OAI/2.0/ http://www.openarchives.org/OAI/2.0/OAI-PMH.xsd"><responseDate>2026-04-14T21:09:15Z</responseDate><request verb="GetRecord" identifier="oai:uvadoc.uva.es:10324/3231" metadataPrefix="marc">https://uvadoc.uva.es/oai/request</request><GetRecord><record><header><identifier>oai:uvadoc.uva.es:10324/3231</identifier><datestamp>2021-06-29T09:32:34Z</datestamp><setSpec>com_10324_38</setSpec><setSpec>col_10324_852</setSpec></header><metadata><record xmlns="http://www.loc.gov/MARC21/slim" xmlns:doc="http://www.lyncode.com/xoai" xmlns:xsi="http://www.w3.org/2001/XMLSchema-instance" xmlns:dcterms="http://purl.org/dc/terms/" xsi:schemaLocation="http://www.loc.gov/MARC21/slim http://www.loc.gov/standards/marcxml/schema/MARC21slim.xsd">
<leader>00925njm 22002777a 4500</leader>
<datafield tag="042" ind1=" " ind2=" ">
<subfield code="a">dc</subfield>
</datafield>
<datafield tag="720" ind1=" " ind2=" ">
<subfield code="a">Sánchez Fernández, Moisés</subfield>
<subfield code="e">author</subfield>
</datafield>
<datafield tag="260" ind1=" " ind2=" ">
<subfield code="c">2013</subfield>
</datafield>
<datafield tag="520" ind1=" " ind2=" ">
<subfield code="a">El cine es un medio de comunicación con gran influencia en la sociedad de hoy en día. Esto hace que, cada vez con mayor frecuencia, sea un elemento que se use en las aulas de los centros educativos como un recurso didáctico que ofrece resultados positivos. Si los recursos cinematográficos son utilizados de manera adecuada en la educación pueden suponer una gran ayuda para el desarrollo de diferentes contenidos y conocimientos por parte del alumnado. Los objetivos que se plantee el maestro, así como su metodología, serán los factores principales para que los resultados obtenidos sean de ayuda a los discentes. En mi caso, busco la posibilidad de utilizar el cine como un recurso didáctico a partir del análisis de tres películas relacionadas con el acoso escolar, utilizando fragmentos de éstas para abordar este tema de cara a un aula de tercer ciclo de Educación Primaria</subfield>
</datafield>
<datafield tag="024" ind2=" " ind1="8">
<subfield code="a">http://uvadoc.uva.es/handle/10324/3231</subfield>
</datafield>
<datafield ind1=" " ind2=" " tag="653">
<subfield code="a">Cine en la educación</subfield>
</datafield>
<datafield ind1=" " ind2=" " tag="653">
<subfield code="a">Violencia en las escuelas</subfield>
</datafield>
<datafield tag="245" ind1="0" ind2="0">
<subfield code="a">El acoso escolar a través del cine</subfield>
</datafield>
</record></metadata></record></GetRecord></OAI-PMH>